| 000 | 00734 a2200193 4500 | ||
|---|---|---|---|
| 003 | NUST | ||
| 005 | 20251219144242.0 | ||
| 040 | _cNust | ||
| 082 | _a621.382,ZUB | ||
| 100 |
_aZubair, Maheen. (TE-48) _9132509 |
||
| 245 |
_aFPGA Based Hardware Firewall / _cNC Maheen Zubair, NC Essam Shahid Bhatti and Yasir Ahmed Pirkani |
||
| 260 |
_aRawalpindi _bMCS (NUST) _cJune 2015 |
||
| 300 | _av,32 p.; | ||
| 505 | _aIntroduction (Page-1), Literature Review (Page-5), Design and Development (Page-13), Project Analysis and Evaluation (Page-22), Recommendation for Future Work (Page-26), Conclusion (Page-27). | ||
| 650 |
_aUG Project _9131132 |
||
| 651 | _aTE-48 | ||
| 700 |
_aSupervised by Dr. Imran Rashid _9132473 |
||
| 942 |
_cPR _2ddc |
||
| 999 |
_c217246 _d217246 |
||